[Event "Twente Young Master op-B"]
[Site "Twente"]
[Date "2007.08.08"]
[Round "5"]
[White "Van Soest, Sjoerd"]
[Black "Rijksen, Arnold"]
[Result "1-0"]
[WhiteElo "1375"]
[BlackElo "1415"]
[PlyCount "41"]
[EventDate "2007.08.06"]
[EventType "swiss"]
[EventRounds "9"]
[EventCountry "NED"]
[SourceTitle "EXT 2008"]
[Source "ChessBase"]
[SourceDate "2007.11.25"]
[SourceVersion "1"]
[SourceVersionDate "2007.11.25"]
[SourceQuality "1"]

1. e4 e5 2. d4 exd4 3. c3 dxc3 4. Nxc3 d6 5. Bc4 Be6 6. Qb3 Qd7 7. Bxe6 fxe6 8. Qxb7 Qc6 9. Qb3 Qd7 10. Bg5 Be7 11. Nf3 Nc6 12. 0-0 Nf6 13. Rad1 0-0 14. e5 Ne8 15. Bxe7 Qxe7 16. exd6 Nxd6 17. Rfe1 Rf6 18. Nd5 Qf7 19. Nxf6+ Qxf6 20. Rxe6 Qf7 21. Ng5 1-0